000 00625nam a2200229 i 4500
001 C2-0168299
003 PPAK
005 20180728090728.0
008 980715s1988 enka|||| ||||| | eng d
020 _a0600558959
040 _aPPAK
_beng
_cPPAK
_erda
082 0 4 _a796.15
_2 23
090 0 0 _a796.15
_bSCH
_dR
100 1 _aSchimmelpfenning, Wolfgang,
_eauthor
245 1 0 _aMaking and flying kites
264 1 _aLondon :
_bHamlyn ,
_c1988
300 _a80 pages :
_bcolour illustrations ;
_c26 cm
336 _2rdacontent
_atext
337 _2rdamedia
_aunmediated
338 _2rdacarrier
_avolume
942 _ddc
_cB
999 _c152465
_d152465